| 000 | 00835nam a22002417a 4500 | ||
|---|---|---|---|
| 999 |
_c8083 _d8083 |
||
| 003 | AR-CdUCM | ||
| 008 | 190322b ||||| |||| 00| 0 spa d | ||
| 020 | _a968-16-1715-0 | ||
| 040 |
_aMUNICIPALIDAD PROVINCIAL DEL CUSCO _cBIBLIOTECA MUNICIPAL DEL CUSCO |
||
| 082 |
_a869.1 / _bN85 |
||
| 100 |
_aNovo, Salvador _912067 |
||
| 245 |
_aLa culta dama / _aHoy invita la güera / |
||
| 260 |
_aMéxico : _bFondo de Cultura Economica , _c1984. |
||
| 300 |
_a142 páginas ; _c21 cm. |
||
| 440 |
_aLecturas Mexicanas. _n51 _922833 |
||
| 505 | _aContenido : La culta dama, comedia en tres actos -- Hoy invita la güera, comedia anti-histórica, en tres actos. | ||
| 650 |
_aLiteratura mexicana _92532 |
||
| 650 |
_aTeatro _9173 |
||
| 650 |
_aComedia _92607 |
||
| 700 |
_aInclán, Federico S. _922834 |
||
| 942 |
_2ddc _cLIBROS |
||
| 945 | _azta | ||